000 00373nam a2200145Ia 4500
008 230711s9999||||xx |||||||||||||| ||und||
041 _aENG
082 _a624
_bCR-A
100 _aCrouse,William H
245 0 _aAutomotive mechanisms
250 _a4th Ed.
260 _c1987
_aNew Delhi
_bTata McGraw Hill Education Limited
650 _aMechanical Engineering
942 _cBK
999 _c1450
_d1450